000 01441cam a22003374a 4500
001 16838971
005 20120126094850.0
008 110622s2012 gaua |dbf 001 0 eng
020 _a0881736716 (alk. paper)
020 _a9780881736717 (alk. paper)
020 _z0881736724 (electronic)
020 _z9780881736724 (electronic)
020 _a9781439883488 (alk. paper)
020 _a1439883483 (alk. paper)
040 _aDLC
_cDLC
_dYDX
_dYDXCP
_dUKMGB
_dDLC
082 0 0 _a621.042
_223
_bCAP
100 1 _aCapehart, B. L.
_q(Barney L.)
_928736
245 1 0 _aGuide to Energy Management /
_cby Barney L. Capehart, Wayne C. Turner, William J. Kennedy.
250 _a7th ed.
260 _aLilburn, GA :
_bFairmont Press ;
_aBoca Raton, FL :
_bDistributed by Taylor & Francis,
_cc2012.
300 _aviii, 651 p. :
_bill. ;
_c24 cm.
504 _aIncludes bibliographical references and index.
650 0 _aEnergy conservation
_vHandbooks, manuals, etc.
_928737
650 0 _aEnergy consumption
_vHandbooks, manuals, etc.
_928738
653 _bMec
_bGen
_cFebruary2012
700 1 _aTurner, Wayne C.,
_d1942-
_928739
700 1 _aKennedy, William J.,
_d1938-
_928740
942 _2ddc
_cBB
999 _c16424
_d16424